The Old Testament: (Record no. 25004)
[ view plain ]
| 000 -LEADER | |
|---|---|
| fixed length control field | 00409nam a2200145Ia 4500 |
| 001 - CONTROL NUMBER | |
| control field | 24815 |
| 008 - FIXED-LENGTH DATA ELEMENTS--GENERAL INFORMATION | |
| fixed length control field | 140411s9999 xx 000 0 und d |
| 040 ## - CATALOGING SOURCE | |
| Transcribing agency | PK-LaUMT |
| 082 ## - DEWEY DECIMAL CLASSIFICATION NUMBER | |
| Classification number | 220 |
| Item number | OLD- |
| 245 #4 - TITLE STATEMENT | |
| Title | The Old Testament: |
| Remainder of title | translated out of the original tongues and with the former translations dil |
| 260 ## - PUBLICATION, DISTRIBUTION, ETC. (IMPRINT) | |
| Place of publication, distribution, etc | Oxford,USA: |
| Name of publisher, distributor, etc | Oxford University Press, |
| Date of publication, distribution, etc | NA |
| 300 ## - PHYSICAL DESCRIPTION | |
| Extent | 833 p. |
| 546 ## - LANGUAGE NOTE | |
| Language note | EN |
| 942 ## - ADDED ENTRY ELEMENTS (KOHA) | |
| Koha item type | Books |
| Withdrawn status | Lost status | Damaged status | Not for loan | Home library | Current library | Date acquired | Total Checkouts | Full call number | Barcode | Checked out | Date last seen | Date checked out | Price effective from | Koha item type |
|---|---|---|---|---|---|---|---|---|---|---|---|---|---|---|
| UMT Main Campus | UMT Main Campus | 2014-04-11 | 2 | 220 OLD- | 27217 | 2025-01-10 | 2024-12-27 | 2024-12-27 | 2014-04-24 | Books |
